| 000 | 00991cam a2200289 a 4500 | ||
|---|---|---|---|
| 001 | 2580147 | ||
| 003 | GBCCL | ||
| 005 | 20241126110403.0 | ||
| 008 | 961202s1997 ilu b 000 0 eng | ||
| 010 | _a 96029651 | ||
| 020 | _a151340761 | ||
| 040 |
_aDLC _cDLC _dDLC |
||
| 050 | 0 | 0 |
_aBT97.2 _b.R62 1997 |
| 082 | 0 | 0 |
_a226.706 _221 _bROG |
| 100 | 1 |
_aRogers, Adrian. _93102 |
|
| 245 | 1 | 0 |
_aBelieve in miracles but trust in Jesus / _cAdrian Rogers. |
| 260 |
_aWheaton, Ill. : _bCrossway Books, _cc1997. |
||
| 300 |
_a203, [2] p. ; _c24 cm. |
||
| 504 | _aIncludes bibliographical references (p. [205]). | ||
| 600 | 0 | 0 |
_aJesus Christ _xMiracles. _93103 |
| 630 | 0 | 0 |
_aBible. _pJohn _xCriticism, interpretation, etc. _91842 |
| 650 | 0 |
_aMiracles. _93104 |
|
| 650 | 0 |
_aChristian life _xBaptist authors. _9223 |
|
| 906 |
_a7 _bcbc _corignew _d1 _eocip _f19 _gy-gencatlg |
||
| 942 |
_2ddc _cBK _03 |
||
| 999 |
_c1541 _d1541 |
||